000 00742nam a2200265 i 4500
001 C2-0331230
003 PPAK
005 20180728131652.0
008 150601s2015 my a|||| ||||| | eng d
020 _a9789670368405
040 _aPPAK
_beng
_cPPAK
_erda
082 0 4 _a428.6
_223
090 0 0 _a428.6
_bYAP
_dK
100 1 _aYap, Chris,
_eauthor
245 1 4 _aThe beautiful red scarft
264 1 _aSubang Jaya, Selangor :
_bPenerbitan Kalimat Positif ,
_c2015
300 _a41 pages :
_bcolour illustrations ;
_c20 cm
336 _2rdacontent
_atext
337 _2rdamedia
_aunmediated
338 _2rdacarrier
_avolume
490 1 _aNew learning series
650 1 0 _aReaders.
830 0 _aNew learning series
942 _ddc
_cB
999 _c129972
_d129972